000 01030naa a22002897a 4500
001 BR7900794
003 BR-BrBNA
005 20240918174318.0
007 ta
008 230509b bl.||||| |||| 00| 0 por d
040 _aBR-BrBNA
_bpor
_cBiblioteca Nacional de Agricultura
041 _a(Pt)
072 _aA50; F21
_b/G514
090 _aA50 BR7900794
100 1 _aWatts, M.R.
100 1 _aMafra, R.C.
245 1 _aMicrobiologia do solo [planejamento de pesquisa, Nordeste, Brasil]
260 3 _aFortaleza, CE (Brasil):
_c1978.
500 _aProducao cientifica no setor agricola do nordeste (avaliacao qualitativa) Fortaleza, CE (Brasil): 1978. p. 81-82 (BR7900794-AM)A50
650 _aPESQUISA
650 _aMICROBIOLOGIA DO SOLO
650 _aPLANEJAMENTO DE PESQUISA
650 _aREGIAO NORDESTE
773 0 _tProducao cientifica no setor agricola do nordeste (avaliacao qualitativa)
_wA50 BR7900794
_gFortaleza, CE (Brasil), 1978. p. 81-82
909 _a202404
_bLucia
_c55
_dLucia Elande
942 _cAM
_2AGRIS
999 _c310307
_d310307